[Event "Nacional de Máxima"]
[Site "?"]
[Date "2011.10.23"]
[Round "3"]
[White "Osorio, Intiñusta"]
[Black "Gutiérrez, Leonela"]
[Result "1-0"]
[WhiteElo "1861"]
[BlackElo "2045"]
[Annotator "OT y DG"]
[PlyCount "129"]
[EventDate "2011.??.??"]

1. e4 c5 2. Nf3 d6 3. d4 cxd4 4. Nxd4 Nf6 5. Nc3 a6 6. Bc4 e6 7. Bb3 Nbd7 8.
Bg5 Nc5 9. Qe2 Be7 10. O-O-O Qc7 11. f4 Nxb3+ 12. Nxb3 b5 13. e5 dxe5 14. fxe5
Nd5 15. Bd2 Nxc3 16. Bxc3 Bb7 17. Qg4 g6 18. Rd3 Rc8 19. Rd2 h5 20. Qf4 f5 21.
Ba5 Qc4 22. Qg3 Kf7 23. Kb1 Bd5 24. Rhd1 Rc6 25. Bc3 b4 26. Rxd5 bxc3 27. R5d4
Qb5 28. bxc3 Rhc8 29. R1d3 a5 30. a4 Qb7 31. Ka2 R6c7 32. h3 h4 33. Qf3 Qxf3
34. Rxf3 Rxc3 35. Rxc3 Rxc3 36. Kb2 Bb4 37. Rxh4 Re3 38. Rh7+ Kg8 39. Rd7 Rxe5
40. Nd4 Re3 41. Nc6 Re4 42. Nxb4 Rxb4+ 43. Ka3 Rc4 44. Kb3 Rc5 45. Rb7 Rc6 46.
Rb5 Ra6 47. c4 Kf7 48. Kc3 Kf6 49. c5 Ke5 50. Kc4 g5 51. Rb6 Ra8 52. Kb5 g4 53.
hxg4 fxg4 54. Rb7 Kf4 55. c6 Rg8 56. c7 Rc8 57. Kc6 Kg3 58. Rb2 e5 59. Kd7 Rf8
60. c8=Q Rxc8 61. Kxc8 e4 62. Re2 e3 63. Rxe3+ Kxg2 64. Re5 g3 65. Rxa5 1-0

[Event "Nacional de Máxima"]
[Site "?"]
[Date "2011.10.23"]
[Round "3"]
[White "Montilla, Jorcerys"]
[Black "Ubaldo, María"]
[Result "1-0"]
[WhiteElo "2008"]
[BlackElo "2072"]
[Annotator "OT y DG"]
[PlyCount "65"]
[EventDate "2011.??.??"]

1. d4 d5 2. c4 e5 3. dxe5 d4 4. Nf3 Nc6 5. g3 Nge7 6. Bg2 Ng6 7. Bg5 Qd7 8. O-O
h6 9. Bd2 Bc5 10. Qa4 Ncxe5 11. Qxd7+ Bxd7 12. b4 Nxf3+ 13. Bxf3 Be7 14. c5 Ne5
15. Bxb7 Rb8 16. Bd5 c6 17. Bb3 Bf6 18. f4 Ng4 19. Na3 O-O 20. Bc4 Rfe8 21. Bd3
Ne3 22. Rfc1 Nd5 23. b5 Nc3 24. bxc6 Bxc6 25. Kf2 Ne4+ 26. Bxe4 Bxe4 27. Nc4 d3
28. Bc3 Bxc3 29. Rxc3 dxe2 30. Nd6 Re7 31. Re3 Rb4 32. Rxe2 Kf8 33. Rae1 1-0

[Event "Nacional de Máxima"]
[Site "?"]
[Date "2011.10.23"]
[Round "3"]
[White "Varela, Tilsia"]
[Black "Otazo, Annyd"]
[Result "0-1"]
[WhiteElo "1993"]
[BlackElo "1953"]
[Annotator "OT y DG"]
[PlyCount "140"]
[EventDate "2011.??.??"]

1. e4 e5 2. Nf3 Nf6 3. Nxe5 d6 4. Nf3 Nxe4 5. Qe2 Qe7 6. d3 Nf6 7. Bg5 Qxe2+ 8.
Bxe2 Be7 9. Nc3 h6 10. Bh4 g5 11. Bg3 Bd7 12. O-O-O Nc6 13. d4 g4 14. Nh4 O-O-O
15. Rhe1 Nh5 16. Kb1 Nxg3 17. hxg3 Bf6 18. d5 Ne7 19. Nb5 a6 20. Nd4 Bxh4 21.
gxh4 Ng6 22. g3 Rde8 23. f4 Re3 24. Rg1 Rhe8 25. Bd3 Ne7 26. c4 c5 27. Nc2 Rf3
28. Be4 Rf2 29. Rge1 Ng8 30. Kc1 Nf6 31. Bh1 Rxe1 32. Rxe1 Nh5 33. Rg1 Nxg3 34.
Rxg3 Rf1+ 35. Kd2 Rxh1 36. Ne3 Rxh4 37. Kd3 h5 38. Ke4 Rh2 39. Nf5 Bxf5+ 40.
Kxf5 Rh3 41. Rg1 g3 42. Kf6 h4 43. f5 Rh2 44. Kxf7 Rf2 45. Ke6 g2 46. f6 h3 47.
f7 Rxf7 48. Kxf7 h2 49. Rxg2 h1=Q 50. Rg7 Qh5+ 51. Kf8 Kb8 52. Rd7 Qh8+ 53. Ke7
Qe5+ 54. Kd8 Qxb2 55. Rxd6 Qxa2 56. Re6 Qxc4 57. Re5 Qh4+ 58. Kd7 c4 59. d6 c3
60. Re8+ Ka7 61. Rc8 Qg4+ 62. Kd8 Qxc8+ 63. Kxc8 c2 64. d7 c1=Q+ 65. Kd8 Kb6
66. Ke8 Qe3+ 67. Kf7 Qf4+ 68. Ke8 Qe5+ 69. Kf7 Kc7 70. d8=Q+ Kxd8 0-1

[Event "Nacional de Máxima"]
[Site "?"]
[Date "2011.10.23"]
[Round "3"]
[White "Castellanos, Arianny"]
[Black "Rovira, Tairú"]
[Result "1-0"]
[WhiteElo "1802"]
[BlackElo "1972"]
[Annotator "OT y DG"]
[PlyCount "55"]
[EventDate "2011.??.??"]

1. e4 e5 2. Nf3 Nc6 3. Bc4 Nf6 4. d3 Bc5 5. c3 O-O 6. Bg5 h6 7. Bh4 d6 8. Bb3
Bb6 9. Nbd2 g5 10. Bg3 Bg4 11. h3 Bh5 12. Qe2 Ne7 13. Nc4 Bc5 14. Ne3 Qc8 15.
O-O-O b5 16. d4 Bb6 17. dxe5 Nxe4 18. exd6 Nxg3 19. fxg3 Bxf3 20. gxf3 Bxe3+
21. Qxe3 Nf5 22. Qe5 Nxd6 23. Qf6 Nc4 24. Qxh6 Qe6 25. Qxg5+ Kh8 26. Bxc4 bxc4
27. Rd4 Qg6 28. Rh4+ 1-0

[Event "Nacional de Máxima"]
[Site "?"]
[Date "2011.10.23"]
[Round "3"]
[White "Hernández, Zaida"]
[Black "Sequeda, Nancy"]
[Result "1-0"]
[WhiteElo "2008"]
[BlackElo "2067"]
[Annotator "OT y DG"]
[PlyCount "55"]
[EventDate "2011.??.??"]

1. e4 c5 2. Nf3 d6 3. Nc3 Nf6 4. d4 cxd4 5. Nxd4 a6 6. Be2 e6 7. O-O Be7 8. Be3
O-O 9. f4 Nc6 10. Bf3 Qc7 11. Qe1 Bd7 12. Nb3 Rac8 13. g4 b5 14. g5 Ne8 15. Bg2
b4 16. Ne2 f6 17. Qg3 Na5 18. Nxa5 Qxa5 19. Nd4 e5 20. Bh3 Bxh3 21. Qxh3 exd4
22. Qe6+ Kh8 23. Qxe7 Nc7 24. Bxd4 Nb5 25. gxf6 Rxf6 26. Bxf6 Qb6+ 27. Kh1 Rg8
28. Rg1 1-0

[Event "Nacional de Máxima"]
[Site "?"]
[Date "2011.10.23"]
[Round "3"]
[White "Durán, Luisa"]
[Black "Aponte, Oriana"]
[Result "1/2-1/2"]
[WhiteElo "2025"]
[BlackElo "1885"]
[Annotator "OT y DG"]
[PlyCount "54"]
[EventDate "2011.??.??"]

1. d4 Nf6 2. c4 g6 3. Nc3 d5 4. cxd5 Nxd5 5. e4 Nxc3 6. bxc3 Bg7 7. Be3 O-O 8.
Qd2 c5 9. Rc1 Qa5 10. Nf3 Bg4 11. Be2 cxd4 12. cxd4 Nc6 13. Qxa5 Nxa5 14. d5
Bxf3 15. Bxf3 Rac8 16. O-O Nc4 17. Bxa7 Nd2 18. Rfd1 Nxf3+ 19. gxf3 Be5 20. Bc5
Rfe8 21. Be3 Bd6 22. Rxc8 Rxc8 23. Rc1 Ra8 24. Rb1 Rxa2 25. Rxb7 f6 26. Kg2 Ra4
27. Ra7 Rb4 1/2-1/2

[Event "Nacional de Máxima"]
[Site "?"]
[Date "2011.10.23"]
[Round "3"]
[White "Soto, Oliver"]
[Black "Díaz, José"]
[Result "1-0"]
[WhiteElo "2357"]
[BlackElo "2109"]
[Annotator "OT y DG"]
[PlyCount "109"]
[EventDate "2011.??.??"]

1. e4 c6 2. d4 d5 3. Nd2 dxe4 4. Nxe4 Nf6 5. Nxf6+ exf6 6. c3 Bd6 7. Bd3 O-O 8.
Ne2 Qc7 9. Qc2 h6 10. Be3 b5 11. Ng3 Re8 12. O-O Be6 13. Qd2 Bxg3 14. fxg3 h5
15. a4 Bc4 16. axb5 cxb5 17. Rf5 Bxd3 18. Qxd3 Qc4 19. Qxc4 bxc4 20. Kf2 Nd7
21. Rxh5 g5 22. h4 Rab8 23. Bc1 Re7 24. hxg5 f5 25. g4 fxg4 26. Rxa7 Rbe8 27.
Rc7 Ne5 28. Rxe7 Nd3+ 29. Kg3 Rxe7 30. Bf4 Re2 31. Bc7 Rxb2 32. Bd8 Kf8 33.
Rh8+ Kg7 34. Bf6+ Kg6 35. Kxg4 Rxg2+ 36. Kf3 Rc2 37. Ke4 Nf2+ 38. Kf3 Nd3 39.
d5 Kf5 40. Ke3 Nf4 41. Rd8 Ne2 42. Re8 Nxc3 43. Re5+ Kg4 44. d6 Nd1+ 45. Ke4 c3
46. Rc5 Rd2 47. Bd4 Nf2+ 48. Bxf2 Rxf2 49. Rxc3 Rd2 50. Rd3 Re2+ 51. Kd5 Re8
52. d7 Rd8 53. Kd6 Kxg5 54. Ke7 Rxd7+ 55. Rxd7 1-0

[Event "Nacional de Máxima"]
[Site "?"]
[Date "2011.10.23"]
[Round "3"]
[White "Castro, José"]
[Black "Piñero, Carlos"]
[Result "1-0"]
[WhiteElo "2129"]
[BlackElo "2091"]
[Annotator "OT y DG"]
[PlyCount "83"]
[EventDate "2011.??.??"]

1. e4 c5 2. Nf3 Nc6 3. d4 cxd4 4. Nxd4 Qb6 5. Nb3 Nf6 6. Nc3 e6 7. Be3 Qc7 8.
a3 a6 9. Bd3 Ne5 10. h3 b5 11. O-O Bb7 12. f4 Nc4 13. Bxc4 bxc4 14. Nd2 d5 15.
e5 Bc5 16. Bxc5 Qxc5+ 17. Kh2 d4 18. exf6 dxc3 19. fxg7 Rg8 20. bxc3 Rxg7 21.
Nf3 Qe3 22. Qd4 Qxd4 23. cxd4 c3 24. Rab1 Bd5 25. Rf2 Kd7 26. Ne5+ Kc7 27. Ng4
Kc6 28. Re1 Kb5 29. Rb1+ Kc6 30. f5 Rag8 31. f6 Rxg4 32. hxg4 Rxg4 33. Rd1 Be4
34. Kh3 Bf5 35. d5+ Kc5 36. d6 Rg8+ 37. Kh4 Bg6 38. d7 Rd8 39. Kg5 e5 40. Re2
e4 41. Re3 Kc4 42. Kf4 1-0

[Event "Nacional de Máxima"]
[Site "?"]
[Date "2011.10.23"]
[Round "3"]
[White "Prasca, Rafael"]
[Black "Ynojosa, Félix"]
[Result "1/2-1/2"]
[WhiteElo "2429"]
[BlackElo "2294"]
[Annotator "OT y DG"]
[PlyCount "80"]
[EventDate "2011.??.??"]

1. e4 c5 2. Nf3 Nc6 3. Bb5 e6 4. O-O Nge7 5. b3 a6 6. Bxc6 Nxc6 7. Bb2 b5 8. c4
bxc4 9. bxc4 Rb8 10. Bc3 d6 11. Na3 e5 12. Nc2 Be7 13. Ne3 O-O 14. d3 Bg5 15.
Rb1 Bxe3 16. fxe3 Bg4 17. h3 Rxb1 18. Qxb1 Bxf3 19. Rxf3 Qc7 20. Rf2 Rb8 21.
Rb2 Kf8 22. Rxb8+ Qxb8 23. Qxb8+ Nxb8 24. Kf2 Nc6 25. a3 Ke7 26. Ke2 h5 27. Kf3
Ke6 28. Kg3 g6 29. Kh4 f6 30. Kg3 Nd8 31. Ba5 Nc6 32. Bc3 Ne7 33. Kf3 Ng8 34.
Be1 Nh6 35. Bd2 Nf7 36. Ba5 Kd7 37. Kg3 Ng5 38. Kf2 Ne6 39. Kf3 Ng5+ 40. Kg3
Ne6 1/2-1/2

[Event "Nacional de Máxima"]
[Site "?"]
[Date "2011.10.23"]
[Round "3"]
[White "Zavarce, Oscar"]
[Black "Boada, Wiston"]
[Result "1/2-1/2"]
[WhiteElo "2214"]
[BlackElo "2235"]
[Annotator "OT y DG"]
[PlyCount "78"]
[EventDate "2011.??.??"]

1. e4 g6 2. d4 Bg7 3. Nc3 d6 4. Be3 a6 5. Nf3 b5 6. Bd3 Bb7 7. e5 Nd7 8. e6
fxe6 9. Ng5 Nf8 10. O-O Nf6 11. Re1 Qd7 12. Bd2 Qc6 13. Bf1 Qd7 14. Qe2 h6 15.
Nxe6 Nxe6 16. Qxe6 Qxe6 17. Rxe6 Kf7 18. Rae1 Rhe8 19. a4 b4 20. Nd1 Bd5 21.
R6e3 a5 22. Bb5 c6 23. Bd3 Bf8 24. h4 Kg7 25. Rg3 Bf7 26. Ne3 Nh5 27. Rf3 Nf6
28. Rg3 Nh5 29. Rf3 Nf6 30. b3 e5 31. dxe5 dxe5 32. Bc4 e4 33. Rh3 Bc5 34. Bxf7
Kxf7 35. Rg3 Nh5 36. Rh3 Nf4 37. Rg3 Nh5 38. Rh3 Nf4 39. Rg3 Nh5 1/2-1/2

[Event "Nacional de Máxima"]
[Site "?"]
[Date "2011.10.24"]
[Round "4"]
[White "Gutiérrez, Leonela"]
[Black "Aponte, Oriana"]
[Result "1-0"]
[WhiteElo "2045"]
[BlackElo "1885"]
[Annotator "OT y DG"]
[PlyCount "73"]
[EventDate "2011.??.??"]

1. e4 c5 2. Nf3 d6 3. d4 cxd4 4. Nxd4 Nf6 5. Nc3 e6 6. Be3 a6 7. h3 Be7 8. g4
h6 9. Bg2 Nc6 10. Qe2 Nxd4 11. Bxd4 e5 12. Be3 Bd7 13. O-O-O O-O 14. f4 b5 15.
g5 hxg5 16. fxg5 Ne8 17. h4 Be6 18. Bh3 b4 19. Nd5 Bxd5 20. exd5 Qa5 21. Kb1
Nc7 22. Qg2 Rab8 23. h5 Nb5 24. Rd3 Nc3+ 25. Rxc3 bxc3 26. b3 Rb4 27. g6 f5 28.
Rf1 Re4 29. Bc1 Qxd5 30. Rxf5 Bf6 31. Rf1 Qa8 32. Be6+ Kh8 33. h6 Rh4 34. Rxf6
gxf6 35. g7+ Kh7 36. Bf5+ Kg8 37. gxf8=Q+ 1-0

[Event "Nacional de Máxima"]
[Site "?"]
[Date "2011.10.24"]
[Round "4"]
[White "Sequeda, Nancy"]
[Black "Durán, Luisa"]
[Result "1/2-1/2"]
[WhiteElo "2067"]
[BlackElo "2025"]
[Annotator "OT y DG"]
[PlyCount "117"]
[EventDate "2011.??.??"]

1. e4 g6 2. d4 Bg7 3. Nf3 d6 4. Be2 Nf6 5. Nc3 O-O 6. O-O c6 7. h3 b5 8. a3 a6
9. Bg5 Nbd7 10. Re1 Qc7 11. Qd2 Bb7 12. Bf1 e5 13. Rad1 Rad8 14. dxe5 Nxe5 15.
Qf4 Nh5 16. Bxd8 Qxd8 17. Qe3 Nxf3+ 18. Qxf3 Be5 19. Rd2 Qg5 20. Red1 Bc8 21.
Kh1 f5 22. exf5 d5 23. Bd3 Kh8 24. Qg4 Qh6 25. Re2 gxf5 26. Qf3 Bd6 27. Rde1
Bd7 28. Qe3 Qg7 29. Qf3 Nf4 30. Rd2 Rg8 31. Bf1 Ng6 32. Nd1 Nh4 33. Qc3 Qxc3
34. Nxc3 f4 35. Nd1 Bxh3 36. Rd3 Bd7 37. Nc3 Rg6 38. Ne2 Bg4 39. Nd4 c5 40. Nc6
c4 41. Rxd5 Nf3 42. Re8+ Kg7 43. Rxd6 Rxd6 44. gxf3 Bxf3+ 45. Bg2 Bxc6 46. Bxc6
Rxc6 47. Re4 Rf6 48. Kg2 Kg6 49. Kf3 Kg5 50. a4 h5 51. axb5 axb5 52. Re5+ Rf5
53. Re4 h4 54. Re8 Rf6 55. Rg8+ Kh5 56. Rh8+ Kg5 57. Rg8+ Kh5 58. Rh8+ Kg5 59.
Rg8+ 1/2-1/2

[Event "Nacional de Máxima"]
[Site "?"]
[Date "2011.10.24"]
[Round "4"]
[White "Rovira, Tairú"]
[Black "Zaida, Hernández"]
[Result "1-0"]
[WhiteElo "1972"]
[BlackElo "2008"]
[Annotator "OT y DG"]
[PlyCount "117"]
[EventDate "2011.??.??"]

1. e4 c5 2. Nf3 Nc6 3. Bb5 a6 4. Bxc6 bxc6 5. O-O d6 6. h3 e5 7. c3 Nf6 8. Re1
Be7 9. d4 cxd4 10. cxd4 Qc7 11. dxe5 dxe5 12. Nbd2 O-O 13. Nc4 Nd7 14. Bd2 a5
15. Rc1 f6 16. Qc2 Bc5 17. Be3 Bb4 18. Red1 Ba6 19. a3 Be7 20. Nxa5 c5 21. Nc4
Rfc8 22. Nh4 g6 23. Nf3 Nf8 24. Bh6 Ne6 25. Ne3 Nd4 26. Nxd4 exd4 27. Nd5 Qb7
28. Qd2 Kf7 29. b4 d3 30. bxc5 Bxc5 31. Qf4 Bd4 32. Rc7+ Rxc7 33. Qxc7+ Qxc7
34. Nxc7 Ra7 35. Nxa6 Rxa6 36. Rxd3 Bc5 37. Bc1 Ra4 38. Rc3 Bb6 39. Be3 Ba5 40.
Rb3 Rxe4 41. Rb7+ Re7 42. Rb5 Re5 43. Rxe5 fxe5 44. Kf1 Ke6 45. Ke2 Kd5 46. Bd2
Bb6 47. a4 Kc6 48. a5 Bd8 49. Ke3 Kb5 50. Ke4 Bc7 51. Bc3 Bb8 52. f3 Bd6 53.
Kd5 Ba3 54. Kxe5 Bf8 55. Ke6 Kc4 56. Bf6 Bb4 57. Bd8 Bc3 58. Kf7 Kd5 59. Bb6
1-0

[Event "Nacional de Máxima"]
[Site "?"]
[Date "2011.10.24"]
[Round "4"]
[White "Otazo, Annyd"]
[Black "Castellanos, Arianny"]
[Result "1-0"]
[WhiteElo "1953"]
[BlackElo "1802"]
[Annotator "OT y DG"]
[PlyCount "97"]
[EventDate "2011.??.??"]

1. e4 e5 2. d4 exd4 3. Qxd4 Nc6 4. Qe3 Nf6 5. Bd2 Be7 6. Nc3 d5 7. exd5 Nxd5 8.
Nxd5 Qxd5 9. c4 Qe5 10. Qxe5 Nxe5 11. O-O-O O-O 12. Bc3 Ng4 13. Nh3 Be6 14. Bd3
Rad8 15. Rhe1 Bc5 16. Ng5 Bxf2 17. Bxh7+ Kh8 18. Rxd8 Rxd8 19. Rxe6 fxe6 20.
Nf7+ Kxh7 21. Nxd8 Nxh2 22. Nxe6 Bg3 23. Nxg7 Ng4 24. Nf5 Bf2 25. Kd2 Kg6 26.
Ne7+ Kf7 27. Nd5 c6 28. Nb4 Ke6 29. Ke2 Bh4 30. Nd3 b5 31. cxb5 cxb5 32. Kf3
Nf6 33. Bd2 Nd7 34. Bf4 Bf6 35. g4 Nb6 36. g5 Bg7 37. Ke4 Nc4 38. b3 Nd6+ 39.
Bxd6 Kxd6 40. Kf5 a5 41. Kg6 Bc3 42. Kf7 a4 43. Nf4 axb3 44. axb3 Bh8 45. Nh5
Kc5 46. Nf6 Kb4 47. Kg8 Kxb3 48. Kxh8 Kc4 49. g6 1-0

[Event "Nacional de Máxima"]
[Site "?"]
[Date "2011.10.24"]
[Round "4"]
[White "Ubaldo, María"]
[Black "Varela, Tilsia"]
[Result "0-1"]
[WhiteElo "2072"]
[BlackElo "1993"]
[Annotator "OT y DG"]
[PlyCount "108"]
[EventDate "2011.??.??"]

1. d4 d5 2. c4 dxc4 3. Nc3 Nf6 4. e3 e6 5. Bxc4 a6 6. a4 c5 7. Nf3 Nc6 8. O-O
Be7 9. dxc5 Qxd1 10. Rxd1 Bxc5 11. Bd2 b6 12. Na2 Ne4 13. Be1 Nd6 14. Be2 a5
15. Rac1 Ke7 16. Nd4 Bd7 17. Nb3 Bb4 18. Bf3 Rac8 19. Bxc6 Bxc6 20. Bxb4 axb4
21. Nd4 Bxa4 22. b3 Bd7 23. Nxb4 Rxc1 24. Rxc1 Rc8 25. Rxc8 Nxc8 26. Kf1 e5 27.
Nf3 Kd6 28. Ke1 Be6 29. Nd2 Ne7 30. Kd1 Nd5 31. Nc4+ Kc7 32. Nd3 e4 33. Nc1 Kc6
34. Kc2 Kc5 35. Nd2 f5 36. Kb2 b5 37. Kc2 Nb4+ 38. Kc3 Nd5+ 39. Kc2 g5 40. g4
Nf6 41. gxf5 Bxf5 42. Ne2 Ng4 43. Ng3 Bg6 44. Kd1 Kd5 45. Ke2 Nxh2 46. Nb1 b4
47. Nd2 h5 48. Nc4 h4 49. Nf1 Bh5+ 50. Ke1 Nf3+ 51. Kd1 Ne5+ 52. Kc2 Nxc4 53.
bxc4+ Kxc4 54. Nd2+ Kd5 0-1

[Event "Nacional de Máxima"]
[Site "?"]
[Date "2011.10.24"]
[Round "4"]
[White "Osorio, Intiñusta"]
[Black "Montilla, Jorcerys"]
[Result "0-1"]
[WhiteElo "1861"]
[BlackElo "2008"]
[Annotator "OT y DG"]
[PlyCount "114"]
[EventDate "2011.??.??"]

1. e4 c5 2. Nf3 Nc6 3. Nc3 Nf6 4. Bc4 d6 5. d4 cxd4 6. Nxd4 a6 7. Bb3 e5 8.
Nde2 Be7 9. Bg5 Be6 10. Bxf6 Bxf6 11. Nd5 Bg5 12. O-O O-O 13. c3 Kh8 14. Ng3
Rc8 15. Re1 Na5 16. Bc2 Nc4 17. Nf1 b5 18. Rb1 Rc5 19. Nfe3 Nxe3 20. Nxe3 a5
21. a3 Qc7 22. Bb3 Bxb3 23. Qxb3 Qb7 24. Nf5 d5 25. exd5 Qxd5 26. Qxd5 Rxd5 27.
Ne3 Rd2 28. Nf1 Rd5 29. Re4 f5 30. Re2 e4 31. Rbe1 g6 32. h3 Kg7 33. g4 Rfd8
34. Kg2 Rd3 35. gxf5 gxf5 36. Rc2 Kf6 37. c4 Rc8 38. c5 Rc6 39. Ree2 Ke5 40.
Re1 Bf4 41. Ne3 Bh6 42. Kf1 Bf8 43. Rec1 h5 44. a4 bxa4 45. Nc4+ Kd5 46. Nxa5
Rxc5 47. Rxc5+ Bxc5 48. Nc4 Rxh3 49. Ke2 f4 50. Nd2 Bxf2 51. Nxe4 Kxe4 52. Kxf2
Rh2+ 53. Kg1 Rxb2 54. Rc4+ Kf3 55. Rxa4 Kg3 56. Ra1 f3 57. Kf1 Rh2 0-1

[Event "Nacional de Máxima"]
[Site "?"]
[Date "2011.10.24"]
[Round "4"]
[White "Díaz, José"]
[Black "Boada, Wiston"]
[Result "1/2-1/2"]
[WhiteElo "2109"]
[BlackElo "2235"]
[Annotator "OT y DG"]
[PlyCount "94"]
[EventDate "2011.??.??"]

1. d4 g6 2. Nf3 Bg7 3. Bf4 Nf6 4. e3 d6 5. c4 c5 6. Nc3 Qa5 7. Qd2 O-O 8. Be2
Nc6 9. d5 Nb8 10. h4 Bg4 11. Bd3 Bxf3 12. gxf3 Nh5 13. Bh2 Nd7 14. f4 Bxc3 15.
bxc3 f5 16. f3 Ndf6 17. Rg1 Kh8 18. e4 Ng7 19. Rg5 Nfh5 20. Rb1 b6 21. Ke2 Rf7
22. e5 Re8 23. e6 Rf6 24. Rgg1 Ra8 25. Rb5 Qa4 26. Qb2 Rff8 27. Rb3 Rfb8 28.
Ke3 Rb7 29. Ra3 Qe8 30. Bc2 Rab8 31. Ba4 Qf8 32. Qg2 Rc7 33. Qg5 Nf6 34. Bb5
Ngh5 35. Qg2 Qh6 36. Qg5 Qg7 37. Qg2 Rg8 38. Kd3 Qh6 39. Qg5 Qf8 40. Qg2 Qa8
41. Kc2 Ng7 42. Qe2 Qb8 43. Qg2 Qf8 44. Ra6 Nge8 45. a4 Qh6 46. Qg3 Nh5 47. Qg5
Qf8 1/2-1/2

[Event "Nacional de Máxima"]
[Site "?"]
[Date "2011.10.24"]
[Round "4"]
[White "Ynojosa, Félix"]
[Black "Zavarce, Oscar"]
[Result "1-0"]
[WhiteElo "2294"]
[BlackElo "2214"]
[Annotator "OT y DG"]
[PlyCount "151"]
[EventDate "2011.??.??"]

1. Nf3 c5 2. e3 g6 3. Be2 Bg7 4. O-O Nc6 5. d4 d5 6. dxc5 Nf6 7. c4 O-O 8. cxd5
Nxd5 9. a3 Nc7 10. Qc2 Ne6 11. Nbd2 a5 12. Rb1 a4 13. b4 axb3 14. Nxb3 Qc7 15.
Nfd2 Na5 16. Nxa5 Rxa5 17. Nb3 Ra7 18. Rd1 Bd7 19. Bc4 Re8 20. Bd5 b6 21. c6
Bxc6 22. Bxe6 fxe6 23. Nd4 Ba4 24. Qxc7 Rxc7 25. Re1 Kf7 26. Bd2 Bxd4 27. exd4
Rc2 28. Bg5 Bc6 29. Rxb6 Ra8 30. Rc1 Rxc1+ 31. Bxc1 Bd5 32. h3 Rc8 33. Bb2 Kf6
34. Kh2 h5 35. h4 g5 36. hxg5+ Kxg5 37. Kh3 Rf8 38. f3 Kf5 39. Rb5 Ra8 40. Rc5
Rb8 41. Bc1 Ra8 42. Rc7 Kf6 43. Kh4 Rg8 44. Rc2 Kg6 45. Bg5 Rg7 46. Re2 Rf7 47.
a4 Rf5 48. Re5 Rxe5 49. dxe5 Kf5 50. Bxe7 Kxe5 51. Kxh5 Kf4 52. Bd6+ Ke3 53.
Kg4 Kf2 54. Kh3 Bc4 55. Bc5+ Ke2 56. Kg3 Bd5 57. a5 e5 58. a6 Kd3 59. Kf2 Kc4
60. Be3 Ba8 61. a7 Kd5 62. Ke2 Ke6 63. g4 Kf6 64. Bc1 Kg6 65. Bb2 e4 66. f4 Kh6
67. Ke3 Kg6 68. Bd4 Kh6 69. Bb6 Kg6 70. f5+ Kf6 71. Kf4 Bc6 72. g5+ Kg7 73.
Bd4+ Kg8 74. g6 Kf8 75. f6 e3 76. Bc5+ 1-0

[Event "Nacional de Máxima"]
[Site "?"]
[Date "2011.10.24"]
[Round "4"]
[White "Piñero, Carlos"]
[Black "Prasca, Rafael"]
[Result "0-1"]
[WhiteElo "2091"]
[BlackElo "2429"]
[Annotator "OT y DG"]
[PlyCount "70"]
[EventDate "2011.??.??"]

1. c4 e6 2. Nf3 d5 3. e3 Nf6 4. Nc3 c6 5. b3 Nbd7 6. Qc2 a6 7. Bb2 e5 8. cxd5
cxd5 9. d4 e4 10. Ne5 Bd6 11. f4 exf3 12. Nxf3 Qe7 13. O-O-O Nb6 14. Bd3 Be6
15. Kb1 Rc8 16. Qe2 Bb4 17. Rc1 O-O 18. Ne5 Rc7 19. g4 Rfc8 20. g5 Nfd7 21.
Bxh7+ Kxh7 22. Qh5+ Kg8 23. g6 Nf6 24. gxf7+ Bxf7 25. Qg5 Bxc3 26. Rhg1 Be8 27.
Bxc3 Ne4 28. Qxe7 Nxc3+ 29. Rxc3 Rxe7 30. Rxc8 Nxc8 31. Rc1 Nb6 32. a4 Nd7 33.
Rc7 Kf8 34. Nxd7+ Rxd7 35. Rc1 Re7 0-1

[Event "Nacional de Máxima"]
[Site "?"]
[Date "2011.10.24"]
[Round "4"]
[White "Soto, Oliver"]
[Black "Brizuela, Reivis"]
[Result "1-0"]
[WhiteElo "2357"]
[BlackElo "2125"]
[Annotator "OT y DG"]
[PlyCount "107"]
[EventDate "2011.??.??"]

1. e4 e6 2. d4 d5 3. Nc3 Nf6 4. e5 Nfd7 5. f4 c5 6. Nf3 Nc6 7. Be3 Be7 8. Qd2
O-O 9. g3 b6 10. Be2 f6 11. dxc5 Nxc5 12. exf6 Bxf6 13. O-O-O Bb7 14. Rhe1 Rc8
15. Nd4 Nxd4 16. Bxd4 Bxd4 17. Qxd4 Qf6 18. Bg4 Qg6 19. Bf3 Rf7 20. Kb1 a6 21.
Re5 Qf6 22. Bg4 Re7 23. f5 Rce8 24. fxe6 Nxe6 25. Nxd5 Nxd4 26. Nxf6+ gxf6 27.
Rxe7 Rxe7 28. Rxd4 Re1+ 29. Rd1 Rxd1+ 30. Bxd1 Kf7 31. Kc1 Ke6 32. Kd2 Ke5 33.
Ke3 Be4 34. Be2 Bxc2 35. Bxa6 h6 36. Bd3 Bd1 37. Bb5 Bg4 38. b4 Be6 39. a4 Kd5
40. Bd3 Bc8 41. a5 bxa5 42. bxa5 Kc5 43. a6 Kb6 44. Kd4 Be6 45. Bc4 Bg4 46. Kd5
h5 47. h4 Bf3+ 48. Ke6 Kc5 49. Bf1 Kd4 50. Kd6 Ke3 51. Bc4 Kf2 52. Bd5 Bxd5 53.
Kxd5 Kxg3 54. a7 1-0

[Event "Nacional de Máxima"]
[Site "?"]
[Date "2011.10.24"]
[Round "5"]
[White "Montilla, Jorcerys"]
[Black "Gutiérrez, Leonela"]
[Result "1-0"]
[WhiteElo "2008"]
[BlackElo "2045"]
[Annotator "OT y DG"]
[PlyCount "67"]
[EventDate "2011.??.??"]

1. d4 Nf6 2. c4 g6 3. Nc3 Bg7 4. e4 d6 5. f4 O-O 6. Nf3 c5 7. d5 e6 8. dxe6
Bxe6 9. Bd3 Nc6 10. f5 Bc8 11. O-O Re8 12. Bg5 Qd7 13. Qd2 Nb4 14. Bb1 b5 15.
a3 Na6 16. cxb5 Nc7 17. fxg6 hxg6 18. Ba2 Nxe4 19. Nxe4 Rxe4 20. Bh6 c4 21.
Bxg7 Kxg7 22. Ng5 Re7 23. Qd4+ Kg8 24. Bxc4 d5 25. Bd3 Nxb5 26. Qh4 f5 27. Rf3
Re4 28. Bxe4 dxe4 29. Rh3 Qd4+ 30. Kh1 Qg7 31. Rd1 Qf6 32. Qh7+ Kf8 33. Rd8+
Qxd8 34. Qf7# 1-0

[Event "Nacional de Máxima"]
[Site "?"]
[Date "2011.10.24"]
[Round "5"]
[White "Varela, Tilsia"]
[Black "Osorio, Intiñusta"]
[Result "1-0"]
[WhiteElo "1993"]
[BlackElo "1861"]
[Annotator "OT y DG"]
[PlyCount "67"]
[EventDate "2011.??.??"]

1. e4 c5 2. Nf3 e6 3. c3 d5 4. exd5 Qxd5 5. d4 cxd4 6. cxd4 Nf6 7. Be3 Bb4+ 8.
Nc3 O-O 9. Be2 b6 10. O-O Bxc3 11. bxc3 Ba6 12. Ne5 Bxe2 13. Qxe2 Nc6 14. Nxc6
Qxc6 15. c4 Rac8 16. Rac1 Qa4 17. Bg5 Nd7 18. Qg4 Kh8 19. Qe2 Qa5 20. Bf4 Rc6
21. d5 Rcc8 22. dxe6 Rce8 23. e7 Rg8 24. Rfd1 Qf5 25. Bd6 Nf8 26. c5 Ng6 27. c6
Rc8 28. c7 Rge8 29. Ba3 Nf4 30. Qf3 g5 31. g3 Nh3+ 32. Kg2 Qe6 33. Bb2+ Kg8 34.
Qf6 1-0

[Event "Nacional de Máxima"]
[Site "?"]
[Date "2011.10.24"]
[Round "5"]
[White "Castellanos, Arianny"]
[Black "Ubaldo, María"]
[Result "1-0"]
[WhiteElo "1802"]
[BlackElo "2072"]
[Annotator "OT y DG"]
[PlyCount "97"]
[EventDate "2011.??.??"]

1. e4 c5 2. c3 g6 3. d4 cxd4 4. cxd4 Bg7 5. Nc3 d6 6. Be3 Nf6 7. Nf3 O-O 8. Bd3
Nc6 9. O-O Ng4 10. Rc1 Nxe3 11. fxe3 e6 12. a3 Qe7 13. b4 Bd7 14. Qb3 Rfc8 15.
Rc2 Bh6 16. Kf2 Kh8 17. Ne2 g5 18. g4 Nd8 19. Rfc1 Rxc2 20. Rxc2 Rc8 21. Rxc8
Bxc8 22. Qc3 Qd7 23. Bb5 Qxb5 24. Qxc8 Qe8 25. Qb8 Qe7 26. Qxa7 f5 27. exf5
exf5 28. h3 fxg4 29. hxg4 Qd7 30. Qb8 Kg7 31. Ng3 Nc6 32. Nh5+ Kg6 33. Qg8+ Bg7
34. Qxg7+ Qxg7 35. Nxg7 Kxg7 36. Nxg5 d5 37. Ne6+ Kf6 38. Nf4 Ne7 39. Kf3 Kf7
40. e4 dxe4+ 41. Kxe4 Ke8 42. Nd5 Ng8 43. a4 Kd7 44. g5 Kd6 45. Nf6 Nxf6+ 46.
gxf6 Ke6 47. a5 Kxf6 48. b5 Ke6 49. a6 1-0

[Event "Nacional de Máxima"]
[Site "?"]
[Date "2011.10.24"]
[Round "5"]
[White "Hernández, Zaida"]
[Black "Otazo, Annyd"]
[Result "1-0"]
[WhiteElo "2008"]
[BlackElo "1953"]
[Annotator "OT y DG"]
[PlyCount "155"]
[EventDate "2011.??.??"]

1. e4 e5 2. Nf3 Nf6 3. Nc3 Nc6 4. Bb5 Nd4 5. Ba4 Bc5 6. Nxe5 O-O 7. O-O d6 8.
Nd3 Bb6 9. h3 Qe7 10. Re1 c6 11. Nf4 Qe5 12. d3 Ne6 13. Nxe6 fxe6 14. Be3 Bxe3
15. Rxe3 Nh5 16. d4 Qf6 17. Rf3 Nf4 18. Bb3 Kh8 19. Ne2 e5 20. dxe5 dxe5 21.
Nxf4 exf4 22. c3 Be6 23. Qd4 Bxb3 24. Qxf6 Rxf6 25. axb3 g5 26. Rd3 Re6 27. f3
Re7 28. Ra5 h6 29. Rd6 Kg7 30. h4 g4 31. fxg4 Rxe4 32. Rd7+ Kf6 33. Rf5+ Ke6
34. Rff7 Re1+ 35. Kf2 Rb1 36. Rfe7+ Kf6 37. Re2 Rg8 38. Rd6+ Kf7 39. Rd7+ Kf6
40. g5+ hxg5 41. hxg5+ Rxg5 42. Rxb7 Rh5 43. Rxa7 Rhh1 44. Kf3 Rhf1+ 45. Kg4
Rbd1 46. Rc7 Rd6 47. Re4 f3 48. Rf4+ Ke6 49. Rxf3 Rxf3 50. Kxf3 Kd5 51. Rf7 Rh6
52. Rf5+ Ke6 53. Rf8 Rh1 54. Rd8 Rf1+ 55. Ke2 Rg1 56. Kf2 Rb1 57. Rd2 Ra1 58.
c4 c5 59. Ke3 Ra8 60. Kd3 Kd6 61. Kc3+ Kc6 62. g4 Ra1 63. Rg2 Rc1+ 64. Kd2 Rb1
65. Kc2 Ra1 66. g5 Ra7 67. g6 Rg7 68. Kc3 Kb6 69. b4 Kc6 70. bxc5 Rg8 71. b4
Rg7 72. Rg5 Kb7 73. b5 Kc7 74. Kb4 Kb7 75. c6+ Kb6 76. Rd5 Rxg6 77. Rd7 Rg7 78.
c5# 1-0